Quick Pick: 'O, P' Elements Quiz Stats

 Plays Quiz Updated Jul 18, 2018

Challenge
Share
Tweet
Embed
Score 0/12 Timer 01:00
1 Play Today
% Correct
Oxygen
95.6%
Osmium
95.3%
Oganesson
94.4%
Potassium
91.1%
Polonium
87.8%
Plutonium
84.2%
Palladium
79.5%
Phosphorus
73%
Promethium
70.2%
Praseodymium
54.1%
Platinum
50.5%
Protactinium
23.6%

Today's Daily Dose

Word Ladder
King of the...

Quick Pick
The Doors Songs

On This Day
August 17th II

You're not logged in!

Compare scores with friends on all Sporcle quizzes.
Join for Free
OR
Log In

You Might Also Like...

Show Comments

Extras

Top Quizzes Today


Score Distribution

Your Account Isn't Verified!

In order to create a playlist on Sporcle, you need to verify the email address you used during registration. Go to your Sporcle Settings to finish the process.

Report this User

Report this user for behavior that violates our Community Guidelines.

Details: